| 000 | 00368nam a22001337a 4500 | ||
|---|---|---|---|
| 082 |
_a691 _bKHA _cL-14, P-17 |
||
| 100 |
_aKhadilkar, C.H. _945365 |
||
| 245 |
_aBuilding Materials _cKhadilkar, C.H. |
||
| 260 |
_aAnand _bRamanbhai C. Patel _c1953 |
||
| 300 |
_ap-160. _biull. _c15cm |
||
| 526 |
_a0 _b0 _c0 _d691_000000000000000_KHA |
||
| 650 |
_aMCE _9379 |
||
| 942 |
_2ddc _cBK |
||
| 999 |
_c548913 _d548913 |
||